Embedding relations of classes of numerical sequences

Elmentve itt :
Bibliográfiai részletek
Szerző: Leindler László
Dokumentumtípus: Cikk
Megjelent: 2002
Sorozat:Acta scientiarum mathematicarum 68 No. 3-4
Kulcsszavak:Matematika
Online Access:http://acta.bibl.u-szeged.hu/15933
LEADER 00631nab a2200181 i 4500
001 acta15933
005 20210326130805.0
008 161015s2002 hu o 0|| eng d
022 |a 0001-6969 
040 |a SZTE Egyetemi Kiadványok Repozitórium  |b hun 
041 |a eng 
100 1 |a Leindler László 
245 1 0 |a Embedding relations of classes of numerical sequences  |h [elektronikus dokumentum] /  |c  Leindler László 
260 |c 2002 
300 |a 689-695 
490 0 |a Acta scientiarum mathematicarum  |v 68 No. 3-4 
695 |a Matematika 
856 4 0 |u http://acta.bibl.u-szeged.hu/15933/1/math_068_numb_003_004_689-695.pdf  |z Dokumentum-elérés